000 00865nam a2200265ia 4500
008
020 _a0080375219 (pbk.)
049 _aMAIN
090 _aTA647
_bHAR
100 1 _aHarrison, H.B.
245 1 0 _aStructural analysis and design :
_bsome microcomputer applications /
_cH.B. Harrison.
250 _a2nd ed.
260 _aOxford :
_bPergamon Press,
_c1990.
300 _a2v (xxvi, 219 ;xvii, 223-829 p.) :
_bill.
_c26 cm.
505 _aComes in two volumes.
504 _aIncludes bibliographical references.
650 0 _aStructural analysis (Engineering)
_xData processing.
650 0 _aStructural design
_xData processing.
650 0 _aMicrocomputers
_xProgramming.
907 _a.b10171241
_b28-08-12
_c15-08-05
003
005 20230123134048.0
040 _cNUST
942 _cBOOKS
_kTA647
_mHAR
999 _c159360
_d159360